Name the Author - Statistics

General Stats
  • This quiz has been taken 1,077 times
  • The average score is 16 of 26
Answer Stats
Hint Answer % Correct
Romeo and Juliet William Shakespeare
97%
Pride and Prejudice Jane Austen
96%
Harry Potter series J.K. Rowling
96%
Jane Eyre Charlotte Bronte
92%
The Odyssey Homer
92%
Les Miserables Victor Hugo
92%
A Tale of Two Cities Charles Dickens
90%
The Da Vinci Code Dan Brown
89%
Murder on the Orient Express Agatha Christie
85%
Of Mice and Men John Steinbeck
85%
The Jungle Book Rudyard Kipling
78%
The Hound of the Baskervilles Arthur Conan Doyle
76%
Through the Looking Glass Lewis Carroll
70%
Matilda Roald Dahl
68%
The Scarlet Letter Nathaniel Hawthorne
65%
The Green Mile Stephen King
60%
In Cold Blood Truman Capote
59%
The Girl with the Dragon Tattoo Stieg Larsson
50%
I Know Why the Caged Bird Sings Maya Angelou
44%
The Color Purple Alice Walker
41%
Fight Club Chuck Palahniuk
25%
The Lovely Bones Alice Sebold
24%
Fried Green Tomatoes Fannie Flagg
13%
Kitchen Confidential Anthony Bourdain
11%
The Secret Life of Bees Sue Monk Kidd
9%
Warm Bodies Isaac Marion
4%
No matching quizzes found
Score Distribution
Percent of People with Each Score
Percentile by Number Answered
Your Score History
You have not taken this quiz